Statistiche per Quiz sul Leone

Clicka qui per fare il quiz!

Statistiche generali

  • Questo quiz è stato fatto 10 volte
  • Il punteggio medio è 8 su 14

Statistiche sulle risposte

DomandeRisposte% Corretto
In quale continente vive principalmente?Africa
100%
Come viene chiamata comunemente la femmina del leone?Leonessa
100%
Di quale ambiente il leone è considerato il "re"?Savana
100%
Di quale folta caratteristica anatomica sono dotati solo i maschi?Criniera
90%
In quale famoso film della Disney il leone è protagonista?Il re leone
90%
Quante ore al giorno stanno a riposo i leoni?Venti
90%
Dopo quanti mesi diventano attivi sessualmente i leoni maschi?Ventisei
70%
Nella mitologia greca, da quale eroe è stato affrontato il leone di Nemea?Eracle
50%
A quale famiglia appartiene?Felidi
50%
In quale paese si possono trovare occasionalmente i leoni bianchi?Sudafrica
40%
Qual è il suo nome scientifico?Panthera leo
20%
Qual era la sottospecie più grande, oggi estinta in natura?Leone dell'Atlante
10%
Quanti giorni dura in media la gestazione?110
0%
In quale città italiana si trovano i resti più antichi in Europa, risalenti a 700.000 anni fa?Isernia
0%

Distribuzione punteggi

Percentile per numero di risposta

Percentuale di utenti per punteggio

I tuoi punteggi nel tempo

Non hai fatto questo quiz